000 00309nam a22001217a 4500
003 SGT
082 _a617.51
_bL16H
100 _aHUSSAIN, S MUSHEER
245 _aLOGANTURNERS DISEASES OF THE NOSE THROAT AND EAR HEAD AND NECK SURGERY
260 _aLONDON
_bCRC PRESS
_c2016
300 _a731
942 _2ddc
_cBK
_03
999 _c14359
_d14359